02162cas a2200445 450000100090000000300060000900500170001500700030003200800410003501000310007602200170010703500240012403700100014804000830015804200140024105000150025511000760027021000310034622200400037724500410041726000680045830000220052631000380054832100290058636200160061544000630063150000650069450002930075959001030105265000340115565000480118970000310123790600450126893600320131394200300134599900170137595201080139295201080150095201080160810545037AUA.120130528151611.0t|850720c19639999miufr p 0 a0eng c a 74645601 zsc 76000812  a0003-298021 a(OCoLC)ocm01780045  b49104 aMnMULScMnMULSdMBTIdNSDPdDLCdOCoLCdAIPdNSDPdAIPdOCoLCdDLCdTNJdOCoLC ansdpapcc00aBR1b.A53a2 aAndrews University.bSeventh-Day Adventist Theological Seminary.9367110 aAndrews Univ. Semin. stud. 0aAndrews University Seminary studies10aAndrews University Seminary studies. aBerrien Springs, Mich.,bAndrews University Press.cspring 2002 bill.c23 cm.av.: a2 issues yearly,b aFrequency varies,b1963-0 aspring 2002 aAndrews University Seminary Studies.vVol. 40, No.1936712 a"Journal of the Seventh-Day Adventist Theological Seminary." aDoes the author of Revelation misappropriate the scriptures?; The sabbath in Mathew 24:20; Reading Paul in a New Paradigm; The day of dedication or the day of atonement?; Inauguration or day of atonement? a response Norman young; Joshua's reception of the laying on of Hands; Archeology;  aAnnual, 1963-64; 2 no. a year, 1965-. "Journal of the Seventh-day Adventist Theological Seminary." 0aTheologyvPeriodicals.936713 0aTheological seminariesxPeriodicals.936714 aJerry Moon eEditor936715 a7bcbccserialsduencipf19gn-oclcserc aSpring 1995 (surrogate) LIC 2lcccPERhBR1i.A53a 2002 c10248d10248 00102lcc4070aAUA.1bAUA.1cPERd2013-05-28l0oBR1 .A53a 2002r2013-05-28 00:00:00w2013-05-28yPER 00102lcc4070aAUA.1bAUA.1cPERd2013-05-28l0oBR1 .A53a 2002r2013-05-28 00:00:00w2013-05-28yPER 00102lcc4070aAUA.1bAUA.1cPERd2013-05-28l0oBR1 .A53a 2002r2013-05-28 00:00:00w2013-05-28yPER